header

Why women protest (Record no. 10197)

MARC details
000 -LEADER
fixed length control field 01479nam a22003614a 4500
082 04 - DEWEY DECIMAL CLASSIFICATION NUMBER
Classification number 305.42/0983
100 1# - MAIN ENTRY--AUTHOR NAME
Personal name Baldez, Lisa.
245 10 - TITLE STATEMENT
Title Why women protest
260 ## - PUBLICATION, DISTRIBUTION, ETC. (IMPRINT)
Place of publication Cambridge, UK ;
-- New York, NY :
Name of publisher Cambridge University Press,
Year of publication 2002.
300 ## - PHYSICAL DESCRIPTION
Number of Pages xvii, 234 p. :
Other physical details ill.
490 1# - SERIES STATEMENT
Series statement Cambridge studies in comparative politics
650 #0 - SUBJECT ADDED ENTRY--TOPICAL TERM
Topical Term Women
Topical Term Protest movements
Topical Term Women
Topical Term Gender identity
856 40 - ELECTRONIC LOCATION AND ACCESS
Uniform Resource Identifier http://site.ebrary.com/lib/rucke/Doc?id=10021408

No items available.

© 2026 Rongo University
Contact us: librarian | system librarian | Rongo university